00810nam a22002657a 4500003000500000005001700005008004100022010001000063011001000073035001000083040000900093082002200102245009400124250002800218260003300246300001100279490002800290650002900318650003100347650003300378700002500411700002900436710005200465830002700517CHAP20220817042902.0971013s1993 r 00010 d a58820 a59792 a63952 cCHAP a636.0803bD5 1993 aDictionary of animal production terminology in english, french, german, spanish and latin a2 ed. rev. and enlarged aAmsterdam :bElsevier,c1993 a656 p. aEAAP. Publicationv; 6014aDiccionario políglota.14aGanaderíaxDiccionarios.14aGanaderíaxTerminología.0 aOllivier, Louiseed.0 aStraszewska, Sophieeed.0 aEuropean Association for Animal Productioneed.0 aEAAP Publicationv; 60